000 00204 a2200097 4500
001 8589
100 _aCol Mumtaz Hussain
245 _aMaholiati Aloodgi
260 _a
_bFerozsons
_c
090 _c6912
_d6912
942 _aNUST-CAE
_cM
_c33503
999 _c243662
_d243662